LEADER 01009nam0-22002771i-450- 001 990001672470403321 005 20050525145659.0 035 $a000167247 035 $aFED01000167247 035 $a(Aleph)000167247FED01 035 $a000167247 100 $a20030910d1923----km-y0itay50------ba 101 0 $aita 200 1 $aRelazione della Sotto-Commissione incaricata dalla Commissione Censuaria Centrale di esaminare le tariffe d'estimo del circondario di Salerno$fMinistero delle Finanze 210 $aRoma$cTip. Cooperativa Sociale$d1923 215 $a80 p.$d30 cm 610 0 $aImposte fondiarie 676 $a336.22 710 02$aItalia.$bMinistero delle finanze$0356818 801 0$aIT$bUNINA$gRICA$2UNIMARC 901 $aBK 912 $a990001672470403321 952 $a60 336.22 A 15$b18278$fFAGBC 959 $aFAGBC 996 $aRelazione della Sotto-Commissione incaricata dalla Commissione Censuaria Centrale di esaminare le tariffe d'estimo del circondario di Salerno$9370860 997 $aUNINA LEADER 00955nam0-2200313 --450 001 9910720694303321 005 20240313092544.0 010 $a978-88-351-0607-4 100 $a20230529d2021----kmuy0itay5050 ba 101 0 $aita 102 $aIT 105 $a 001yy 200 1 $a#Fintech expert$econtro il logorio della banca moderna$fFabrizio Villani, Giancarlo Giudici$gprefazione di Alessandra Perrazzelli 210 $aMilano$cAngeli$d2021 215 $a166 p.$d22 cm 225 1 $aProfessioni digitali$v24 676 $a332.02855758$v23$zita 700 1$aVillani,$bFabrizio$01357868 701 1$aGiudici,$bGiancarlo$0147072 702 1$aPerrazzelli,$bAlessandra 801 0$aIT$bUNINA$gREICAT$2UNIMARC 901 $aBK 912 $a9910720694303321 952 $aVIII L 564$b2022/458$fFGBC 952 $aCollez. 3277 (24)$b921/2024$fFSPBC 959 $aFGBC 959 $aFSPBC 996 $aFintech expert$93364768 997 $aUNINA